[Event "Sao Paulo op-C U1700 8th"]
[Site "Sao Paulo"]
[Date "2019.10.19"]
[Round "4"]
[White "Brandao, Murilo Tavares"]
[Black "Dos Santos, Gustavo Mota"]
[Result "1/2-1/2"]
[WhiteElo "1537"]
[BlackElo "1635"]
[PlyCount "129"]
[EventDate "2019.10.17"]
[EventType "swiss"]
[EventRounds "6"]
[EventCountry "BRA"]
[SourceTitle "CBM 192 Extra"]
[Source "Chessbase"]
[SourceDate "2019.11.06"]
[SourceVersion "1"]
[SourceVersionDate "2019.11.06"]
[SourceQuality "1"]

1. Nf3 e6 2. c4 f5 3. d4 d5 4. cxd5 exd5 5. g3 c6 6. Bg2 Bd6 7. a3 Nf6 8. Bg5 0-0 9. Bxf6 Rxf6 10. b4 Bd7 11. Qb3 Kh8 12. Nbd2 f4 13. Ne5 Qb6 14. e3 fxe3 15. Qxe3 Bxe5 16. dxe5 Qxe3+ 17. fxe3 Re6 18. 0-0 Na6 19. Bh3 Re7 20. Bxd7 Rxd7 21. e6 Re7 22. Rf7 Rae8 23. Raf1 Kg8 24. Nb3 Nc7 25. Rxe7 Rxe7 26. Rf7 Rxf7 27. exf7+ Kxf7 28. Na5 Nb5 29. Nxb7 Nxa3 30. Nd8+ Ke8 31. Nxc6 Nb5 32. Kf2 Kd7 33. Ne5+ Kd6 34. Nd3 Nc3 35. Ke1 Kc6 36. Kd2 Ne4+ 37. Kc2 Kb5 38. Kb3 Nd2+ 39. Kc3 Nf3 40. Nf4 Kc6 41. Ne6 Nxh2 42. Nxg7 Kd6 43. Ne8+ Ke5 44. Kd3 Nf1 45. g4 Nh2 46. g5 Nf3 47. Nc7 Nxg5 48. Nb5 h5 49. Nxa7 h4 50. Nc6+ Kd6 51. Nd4 h3 52. Nf5+ Kc6 53. Ng3 Ne4 54. Nf1 Kb5 55. Kd4 Nf6 56. Ke5 Ng4+ 57. Kf4 h2 58. Ng3 Nf2 59. Kf3 h1Q+ 60. Nxh1 Nxh1 61. Kg2 Kxb4 62. Kxh1 Kc3 63. Kg2 Kd2 64. Kf3 Kd3 65. Kf4 1/2-1/2

[Event "BRA-ch Amateur U1600"]
[Site "Sao Paulo"]
[Date "2019.06.23"]
[Round "7"]
[White "Brandao, Murilo Tavares"]
[Black "Dos Santos, Weverton Natan Ferr"]
[Result "1-0"]
[WhiteElo "1439"]
[BlackElo "1568"]
[PlyCount "99"]
[EventDate "2019.06.20"]
[EventType "swiss"]
[EventRounds "7"]
[EventCountry "BRA"]
[SourceTitle "CBM 195 Extra"]
[Source "ChessBase"]
[SourceDate "2020.05.31"]
[SourceVersion "1"]
[SourceVersionDate "2020.05.31"]
[SourceQuality "1"]

1. Nf3 Nf6 2. c4 d5 3. g3 dxc4 4. Qa4+ c6 5. Qxc4 Nbd7 6. Bg2 e6 7. 0-0 Be7 8. b3 0-0 9. Bb2 Nb6 10. Qc2 Bd7 11. Nc3 Rc8 12. Ne5 Qc7 13. f4 Nbd5 14. Rac1 Bd6 15. Nf3 Nb4 16. Qb1 Ng4 17. h3 Nf6 18. e3 Be7 19. g4 Nbd5 20. Qa1 Rfd8 21. Nxd5 exd5 22. g5 Nh5 23. Ne5 Bf5 24. h4 Bf8 25. Rf2 Re8 26. Bf3 Ng3 27. Rg2 Ne4 28. h5 Qd6 29. Bg4 Bxg4 30. Nxg4 Qe6 31. h6 Qg6 32. hxg7 Bxg7 33. Bxg7 Qxg7 34. Nf6+ Kf8 35. Nxe8 Rxe8 36. Qxg7+ Kxg7 37. Kf1 a6 38. Ke2 d4 39. Kf3 dxe3 40. dxe3 Nd6 41. Rd2 Nf5 42. Re1 Re7 43. e4 Nh4+ 44. Kg4 Ng6 45. e5 h5+ 46. gxh6+ Kxh6 47. Rd6 Kg7 48. Kg5 c5 49. f5 Rxe5 50. Rxg6+ 1-0

[Event "BRA-ch Amateur U1600"]
[Site "Sao Paulo"]
[Date "2019.06.20"]
[Round "2"]
[White "Brandao, Murilo Tavares"]
[Black "Kamakawa, Cesar"]
[Result "1-0"]
[WhiteElo "1439"]
[BlackElo "1573"]
[PlyCount "81"]
[EventDate "2019.06.20"]
[EventType "swiss"]
[EventRounds "7"]
[EventCountry "BRA"]
[SourceTitle "CBM 195 Extra"]
[Source "ChessBase"]
[SourceDate "2020.05.31"]
[SourceVersion "1"]
[SourceVersionDate "2020.05.31"]
[SourceQuality "1"]

1. Nf3 d5 2. c4 e6 3. g3 c6 4. Bg2 Nf6 5. b3 Be7 6. Bb2 0-0 7. 0-0 Nbd7 8. Nc3 Qb6 9. Qc2 Ng4 10. e3 Nh6 11. d3 a6 12. Qe2 Ng4 13. Rfd1 h5 14. Nd4 Qa5 15. Nc2 Ngf6 16. a3 g6 17. b4 Qc7 18. c5 b5 19. Nd4 Bb7 20. e4 e5 21. Nf3 d4 22. Nb1 Ng4 23. Nbd2 Kg7 24. h3 Nh6 25. Nf1 a5 26. Bc1 a4 27. Ng5 Qd8 28. Qd2 Ng8 29. Nh2 Bc8 30. Nhf3 Qc7 31. Nh4 Ndf6 32. f4 Nh7 33. Nxh7 Kxh7 34. Nf3 Bf6 35. Rf1 exf4 36. gxf4 Bg7 37. Bb2 Rd8 38. Qf2 Qxf4 39. Rae1 Be6 40. Bc1 Qf6 41. Bg5 1-0

[Event "BRA-ch Amateur U1600"]
[Site "Sao Paulo"]
[Date "2017.10.12"]
[Round "2"]
[White "Bispo, Marcia de Lima"]
[Black "Brandao, Murilo Tavares"]
[Result "0-1"]
[WhiteElo "1176"]
[BlackElo "1309"]
[PlyCount "60"]
[EventDate "2017.10.12"]
[EventType "swiss"]
[EventRounds "7"]
[EventCountry "BRA"]
[SourceTitle "EXT 2022"]
[Source "ChessBase"]
[SourceDate "2021.10.06"]
[SourceVersion "1"]
[SourceVersionDate "2021.10.06"]
[SourceQuality "1"]

1. e4 c6 2. d4 d5 3. exd5 cxd5 4. c4 Nf6 5. Nc3 Bf5 6. Nf3 e6 7. Bg5 Be7 8. cxd5 Nxd5 9. Bb5+ Nc6 10. Bxe7 Ndxe7 11. 0-0 0-0 12. Qd2 h6 13. Rad1 a6 14. Bxc6 Nxc6 15. d5 exd5 16. Nxd5 Be6 17. b3 Ne7 18. Nf6+ gxf6 19. Qxh6 Nd5 20. Rd4 f5 21. Ng5 Re8 22. Rh4 Qf6 23. Qh5 Qg7 24. Rh3 Nf4 25. Qh7+ Qxh7 26. Rxh7 Bd5 27. Rh4 Ng6 28. Rd4 Bc6 29. f3 Rad8 30. Rc4 Bb5 0-1